MARC

LEADER 00000nam0a2200000 4500
001 71711
005 20231101212611.0
010 |a 5020137839 
035 |a (RuTPU)RU\TPU\book\76439 
090 |a 71711 
100 |a 20041223d1988 km y0rusy50 ca 
101 0 |a rus 
102 |a RU 
105 |a y z 001zy 
200 1 |a Методы расщепления  |f Г. И. Марчук 
210 |a Москва  |c Наука  |d 1988 
215 |a 264 с. 
320 |a Библиогр.: с. 240-263 
610 1 |a вычислительная математика 
610 1 |a дифференциальные уравнения 
610 1 |a решение 
610 1 |a разностные методы 
610 1 |a расщепление 
610 1 |a уравнение теплопроводности 
610 1 |a методы 
610 1 |a метеорология 
610 1 |a задачи 
675 |a 519.62  |v 3 
700 1 |a Марчук  |b Г. И.  |c российский математик  |c физик  |c академик РАН  |f 1925-  |g Гурий Иванович  |2 stltpush  |3 (RuTPU)RU\TPU\pers\13341  |9 3996 
801 1 |a RU  |b 63413507  |c 20041223  |g PSBO 
801 2 |a RU  |b 63413507  |c 20091007  |g PSBO 
942 |c BK